Antología

Guardat en:
Dades bibliogràfiques
Autor principal: Hierro, José (Autor)
Format: Llibre
Idioma:espanyol
Publicat: Madrid Visor 1980
Col·lecció:Visor de Poesía, 123
Matèries:
Etiquetes: Afegir etiqueta
Sense etiquetes, Sigues el primer a etiquetar aquest registre!

MARC

LEADER 00000nam a2200000 a 4500
001 UCQ1377
003 CL-VaPUC
008 980709e19800000SP |||||||||||||||||spa|d
082 0 4 |a 861  |b HIE  |2 21 
100 0 |a Hierro, José  |e author  |9 318734 
245 1 0 |a Antología 
300 |a 318 p 
942 |c BK 
945 |d 19980709 00:00:00  |a lriquelm 
260 |a Madrid  |b Visor  |c 1980 
650 0 |a Poesías españolas  |9 265100 
650 0 |a Literatura española  |9 306261 
583 |a last modification  |c 19980709 00:00:00  |k Rodrigo Vera 
490 0 |a Visor de Poesía, 123 
999 |c 272376  |d 272374 
952 |0 0  |1 0  |4 0  |6 861_000000000000000_HIE_1980  |7 0  |8 A  |9 307283  |a BIBEDU  |b BIBEDU  |d 2019-11-20  |i 1434691  |o 861 HIE 1980  |p 1434691  |r 2019-11-20  |w 2019-11-20  |y BK  |k LIT